Southville International School and Colleges
Your cart is empty.
  • Cart
  • Lists
    Public lists Eva Luna New books Lux_list list_1
    Your lists Log in to create your own lists
  • Log in to your account
  • Your cookies
  • Search history
Southville International School and Colleges
  • Advanced search
  • Recent comments
  • Most popular
  • Libraries

Log in to your account

Log in with GOOGLE


If you do not have an external account, but do have a local account, you can still log in:

  1. Home
  2. MARC view: Workbook for automotive:
Normal view MARC view ISBD view

Workbook for automotive: (Record no. 9971)

[ view plain ]
MARC details
000 -LEADER
fixed length control field 01115pam a2200313 a 4500
001 - CONTROL NUMBER
control field 616748
003 - CONTROL NUMBER IDENTIFIER
control field sisc
005 - DATE AND TIME OF LATEST TRANSACTION
control field 20190620140537.0
008 - FIXED-LENGTH DATA ELEMENTS--GENERAL INFORMATION
fixed length control field 920917s1993 nyua 001 0 eng
010 ## - LIBRARY OF CONGRESS CONTROL NUMBER
LC control number 92036588
020 ## - INTERNATIONAL STANDARD BOOK NUMBER
International Standard Book Number 9780028018577
040 ## - CATALOGING SOURCE
Original cataloging agency DLC
Transcribing agency DLC
Modifying agency DLC
050 00 - LIBRARY OF CONGRESS CALL NUMBER
Classification number TL 205
Item number .C952 1996
082 00 - DEWEY DECIMAL CLASSIFICATION NUMBER
Classification number HS 629.28
Item number .C884 1993
100 1# - MAIN ENTRY--PERSONAL NAME
Personal name Crouse, William Harry,
9 (RLIN) 11839
245 10 - TITLE STATEMENT
Title Workbook for automotive:
Remainder of title tuneup and engine performance/
Statement of responsibility, etc William H. Crouse and Donald L. Anglin.
250 ## - EDITION STATEMENT
Edition statement 3rd ed.
260 ## - PUBLICATION, DISTRIBUTION, ETC. (IMPRINT)
Place of publication, distribution, etc New York :
Name of publisher, distributor, etc Glencoe,
Date of publication, distribution, etc c1996.
300 ## - PHYSICAL DESCRIPTION
Extent 266 p. :
Other physical details ill. ;
Dimensions 29 cm.
650 #0 - SUBJECT ADDED ENTRY--TOPICAL TERM
Topical term or geographic name as entry element Automobiles.
9 (RLIN) 11840
650 #0 - SUBJECT ADDED ENTRY--TOPICAL TERM
Topical term or geographic name as entry element Automobiles
General subdivision Maintenance and repair.
9 (RLIN) 11841
650 #0 - SUBJECT ADDED ENTRY--TOPICAL TERM
Topical term or geographic name as entry element Automobiles
General subdivision Maintenance and repair
-- Examinations, questions, etc.
9 (RLIN) 11842
700 1# - ADDED ENTRY--PERSONAL NAME
Personal name Anglin, Donald L.
9 (RLIN) 11843
856 42 - ELECTRONIC LOCATION AND ACCESS
Materials specified Publisher description
Uniform Resource Identifier <a href="http://www.loc.gov/catdir/description/mh031/92036588.html">http://www.loc.gov/catdir/description/mh031/92036588.html</a>
856 41 - ELECTRONIC LOCATION AND ACCESS
Materials specified Table of contents
Uniform Resource Identifier <a href="http://www.loc.gov/catdir/toc/mh031/92036588.html">http://www.loc.gov/catdir/toc/mh031/92036588.html</a>
906 ## - LOCAL DATA ELEMENT F, LDF (RLIN)
a 7
b cbc
c orignew
d 1
e ocip
f 19
g y-gencatlg
942 ## - ADDED ENTRY ELEMENTS (KOHA)
Source of classification or shelving scheme Library of Congress Classification
Koha item type Books
Holdings
Withdrawn status Lost status Source of classification or shelving scheme Damaged status Home library Current library Shelving location Date acquired Total Checkouts Full call number Barcode Date last seen Copy number Price effective from Koha item type
    Library of Congress Classification   Luxembourg Library Luxembourg Library High School Section 08/30/2013   TL 205 .C952 1996 3321 08/30/2013 1 08/30/2013 Books

Workbook for automotive:

APA

Crouse W. H., Anglin D. L., . (1996). Workbook for automotive. New York: Glencoe.

Chicago

Crouse William Harry, Anglin Donald L, . 1996. Workbook for automotive. New York: Glencoe.

Harvard

Crouse W. H., Anglin D. L., . (1996). Workbook for automotive. New York: Glencoe.

MLA

Crouse William Harry, Anglin Donald L, . Workbook for automotive. New York: Glencoe. 1996.

  • Place hold
  • Print
  • Cite
  • Add to your cart (remove)
  • Save record
    BIBTEX Dublin Core MARCXML MARC (non-Unicode/MARC-8) MARC (Unicode/UTF-8) MARC (Unicode/UTF-8, Standard) MODS (XML) RIS
  • More searches
    Search for this title in:
    Other Libraries (WorldCat) Other Databases (Google Scholar) Online Stores (Bookfinder.com) Open Library (openlibrary.org)

Exporting to Dublin Core...

SOUTHVILLE LIBRARY

Southville International School and Colleges Library

1281 Tropical Ave. Cor. Luxembourg St., BF Homes International, Las Pinas City

Tel. No. 8256374 / 252358 Loc. 117/146

Powered by Koha